Kto wykonał tę piosenkę z lat 2000? #2 - Statystyki

Ogólne statystyki
  • Ten quiz został rozwiązany 1 827 razy
  • Średni wynik to 8 z 22
Statystyki odpowiedzi
Rok Piosenka Artysta / zespół % Poprawnych
2007 Umbrella Rihanna
90%
2000 The Real Slim Shady Eminem
88%
2008 I Kissed a Girl Katy Perry
84%
2003 In da Club 50 Cent
74%
2004 Toxic Britney Spears
74%
2009 I Gotta Feeling Black Eyed Peas
58%
2004 Yeah! Usher
46%
2004 Drop It Like It's Hot Snoop Dogg
40%
2001 Can't Get You Out of My Head Kylie Minogue
29%
2000 All Star Smash Mouth
27%
2004 Jesus Walks Kanye West
25%
2003 Mr. Brightside The Killers
23%
2000 Big Pimpin' Jay-Z
21%
2000 B.O.B. Outkast
14%
2009 My Life Would Suck Without You Kelly Clarkson
13%
2006 Crazy Gnarls Barkley
11%
2008 Electric Feel MGMT
11%
2006 Ridin' Chamillionaire
9%
2004 Float On Modest Mouse
5%
2004 Maps The Yeah Yeah Yeahs
5%
2003 Such Great Heights The Postal Service
4%
2001 New Slang The Shins
4%
Nie znaleziono quizów pasujących do podanych kryteriów
Rozkład punktacji
Procent ludzi z każdym wynikiem
Percentyl według liczby udzielonych odpowiedzi
Twoja historia wyników
Nie rozwiązałeś tego quizu